<?xml version="1.0" encoding="UTF-8"?>
<record
    xmlns:xsi="http://www.w3.org/2001/XMLSchema-instance"
    xsi:schemaLocation="http://www.loc.gov/MARC21/slim http://www.loc.gov/standards/marcxml/schema/MARC21slim.xsd"
    xmlns="http://www.loc.gov/MARC21/slim">

  <leader>00723nam a22002057a 4500</leader>
  <datafield tag="999" ind1=" " ind2=" ">
    <subfield code="c">4866</subfield>
    <subfield code="d">4866</subfield>
  </datafield>
  <controlfield tag="005">20260619143615.0</controlfield>
  <controlfield tag="008">260618b           ||||| |||| 00| 0 eng d</controlfield>
  <datafield tag="040" ind1=" " ind2=" ">
    <subfield code="c">ENA</subfield>
  </datafield>
  <datafield tag="100" ind1=" " ind2=" ">
    <subfield code="9">6349</subfield>
    <subfield code="a">L&#xF3;pez P&#xE9;rez, Rosario</subfield>
  </datafield>
  <datafield tag="245" ind1=" " ind2=" ">
    <subfield code="a">Normalizaci&#xF3;n archiv&#xED;stica /</subfield>
    <subfield code="c">Rosario L&#xF3;pez P&#xE9;rez</subfield>
    <subfield code="h">[Recurso electr&#xF3;nico]</subfield>
  </datafield>
  <datafield tag="260" ind1=" " ind2=" ">
    <subfield code="a">Madrid:</subfield>
    <subfield code="b">SEDIC. Asociaci&#xF3;n Espa&#xF1;ola de Documentaci&#xF3;n e Informaci&#xF3;n,</subfield>
    <subfield code="c">2011</subfield>
  </datafield>
  <datafield tag="300" ind1=" " ind2=" ">
    <subfield code="a">48 p.</subfield>
  </datafield>
  <datafield tag="490" ind1=" " ind2=" ">
    <subfield code="a">Documentos de Trabajo</subfield>
    <subfield code="v">; 1</subfield>
  </datafield>
  <datafield tag="500" ind1=" " ind2=" ">
    <subfield code="a">Mayo 2011 - 1a revisi&#xF3;n.</subfield>
  </datafield>
  <datafield tag="500" ind1=" " ind2=" ">
    <subfield code="a">Texto a dos columnas.</subfield>
  </datafield>
  <datafield tag="650" ind1=" " ind2="0">
    <subfield code="9">897</subfield>
    <subfield code="a">Normalizaci&#xF3;n</subfield>
  </datafield>
  <datafield tag="650" ind1=" " ind2="0">
    <subfield code="9">162</subfield>
    <subfield code="a">Archiv&#xED;stica</subfield>
  </datafield>
  <datafield tag="710" ind1=" " ind2=" ">
    <subfield code="9">6291</subfield>
    <subfield code="a">SEDIC. Asociaci&#xF3;n Espa&#xF1;ola de  Documentaci&#xF3;n e Informaci&#xF3;n Cient&#xED;fica</subfield>
  </datafield>
  <datafield tag="942" ind1=" " ind2=" ">
    <subfield code="c">RELEC</subfield>
  </datafield>
</record>
